| 000 | 00489pam a2200169 a 4500 | ||
|---|---|---|---|
| 020 | _a0582411106 : | ||
| 082 | 0 | 0 |
_a690.26 _bTOP _cL-7, P-16 |
| 100 | 1 |
_aTopliss, Colin E. _945310 |
|
| 245 | 1 | 0 |
_aDemolition / _cColin E. Topliss. |
| 260 |
_aLondon ; _aNew York : _bConstruction Press, _c1982. |
||
| 300 |
_axiii, 386 p. : _bill. ; _c24 cm. |
||
| 500 | _aIncludes index. | ||
| 526 |
_a0 _b0 _c0 _d690_260000000000000_TOP |
||
| 650 | 0 |
_aMCE _9379 |
|
| 650 | 0 |
_aWrecking. _945311 |
|
| 942 |
_2ddc _cBK |
||
| 999 |
_c548865 _d548865 |
||